000 00774nam a2200217 a 4500
001 70910
003 BD-RjUL
005 20211209082043.0
008 170422s1963 enka f00010 eng d
035 _a(BD-RjUL)71124
040 _a*EUN*
_c*EUN*
_dCStRLIN
_dBD-RjUL
_beng
041 _aeng
082 _223
_a378
_bHIG 1963
245 0 0 _aHigher education :
_b Appendix two (B) of the report of the committee appointed by the Prime Minister, under the chairmanship of Lord Robbins, 1961-1963. /
_cCommittee on Higher Education
260 0 _aLondon :
_bH.M.S.O.,
_c1963.
300 _axxxix, 623 p. :
_bill. ;
_c24 cm
650 0 _aHigher education
_9209856
650 0 _aUniversities and colleges
_9209857
710 _aCommittee on Higher Education
_9209858
942 _2ddc
_cBK
999 _c70910
_d70910